[Event "GRE-ch U14"]
[Site "Patras"]
[Date "2013.07.08"]
[Round "1.5"]
[White "Prevezanos, Nikolaos"]
[Black "Tsaknakis, Zisis"]
[Result "0-1"]
[WhiteElo "1253"]
[BlackElo "1706"]
[PlyCount "98"]
[EventDate "2013.07.08"]
[EventType "swiss"]
[EventRounds "9"]
[EventCountry "GRE"]
[SourceTitle "EXT 2024"]
[Source "ChessBase"]
[SourceDate "2023.10.10"]
[SourceVersion "1"]
[SourceVersionDate "2023.10.10"]
[SourceQuality "1"]

1. e4 c5 2. Nc3 d6 3. g3 Nc6 4. Bg2 Nf6 5. d3 g6 6. Nge2 Bg7 7. h3 0-0 8. Be3 Rb8 9. Qd2 b5 10. Bh6 e6 11. Bxg7 Kxg7 12. 0-0 b4 13. Nd1 Qb6 14. Ne3 Ba6 15. f4 c4 16. dxc4 Bxc4 17. Kh2 Bxe2 18. Qxe2 Qc7 19. Rad1 Rbd8 20. Qc4 Rc8 21. Rd2 Rfd8 22. Rfd1 Qb6 23. Qd3 Na5 24. b3 Rc3 25. Qd4 Rxe3 26. Qxb6 axb6 27. Rxd6 Rxd6 28. Rxd6 Nxe4 29. Rxb6 Re2 30. Rxb4 Nc3 31. Rb8 Nd1 32. Kg1 Ne3 33. Bf3 Rxc2 34. a4 Rb2 35. b4 Nd5 36. Rb5 Nc6 37. Bxd5 exd5 38. Rxd5 Rxb4 39. a5 Ra4 40. Rd6 Nxa5 41. Ra6 Ra3 42. Kf2 Nc4 43. Rc6 Nd2 44. Kg2 Ne4 45. g4 Rg3+ 46. Kh2 Rf3 47. Rc4 Rxf4 48. Kg1 Ng5 49. Rc3 Rf3 0-1

[Event "West Attica-ch U12 7th"]
[Site "Karpenisi"]
[Date "2011.09.07"]
[Round "3.4"]
[White "Prevezanos, Nikolaos"]
[Black "Balamoti, Kiriaki"]
[Result "1-0"]
[WhiteElo "1010"]
[BlackElo "1010"]
[PlyCount "141"]
[EventDate "2011.09.06"]
[EventType "swiss"]
[EventRounds "7"]
[EventCountry "GRE"]
[SourceTitle "EXT 2024"]
[Source "ChessBase"]
[SourceDate "2023.10.10"]
[SourceVersion "1"]
[SourceVersionDate "2023.10.10"]
[SourceQuality "1"]

1. e4 e5 2. Nf3 Nc6 3. d4 Bb4+ 4. c3 Ba5 5. dxe5 f6 6. exf6 Nxf6 7. Bd3 d6 8. Bg5 h6 9. Bh4 g5 10. Bg3 Bg4 11. h3 Bh5 12. Nbd2 d5 13. exd5 Qxd5 14. Bc4 Qf5 15. Qe2+ Ne7 16. Qd3 Qxd3 17. Bxd3 0-0-0 18. Bc2 Ned5 19. 0-0-0 Rhe8 20. Bf5+ Kb8 21. Rhe1 Rxe1 22. Rxe1 Nf4 23. Bxf4 gxf4 24. Re6 Nd5 25. Rxh6 Bxf3 26. gxf3 a6 27. Re6 Rd6 28. Re5 Bb6 29. Be4 Nf6 30. Nc4 Rd8 31. Nxb6 cxb6 32. Re6 Nxe4 33. fxe4 b5 34. Rf6 Rh8 35. Rxf4 Rxh3 36. e5 Rh6 37. Kd2 Kc7 38. Kd3 Kd7 39. Kd4 Ke6 40. Re4 Rh2 41. Re2 Rh4+ 42. Re4 Rh2 43. Rf4 Rh5 44. Rf6+ Ke7 45. Kd5 Rh8 46. f4 Rd8+ 47. Rd6 Rf8 48. Re6+ Kf7 49. Rf6+ Kg7 50. Rxf8 Kxf8 51. Ke6 a5 52. f5 b4 53. f6 bxc3 54. bxc3 b5 55. Kd7 a4 56. e6 a3 57. e7+ Kf7 58. e8Q+ Kxf6 59. Qe6+ Kg5 60. Qe5+ Kg4 61. Qxb5 Kf4 62. c4 Ke4 63. Qd5+ Kf4 64. c5 Kg4 65. c6 Kf4 66. c7 Kg4 67. c8Q Kf4 68. Qf8+ Kg4 69. Qdg8+ Kh5 70. Qf3+ Kh4 71. Qgg4# 1-0

[Event "West Attica-ch U12 7th"]
[Site "Karpenisi"]
[Date "2011.09.06"]
[Round "2.5"]
[White "Kalligeris, Konstantinos"]
[Black "Prevezanos, Nikolaos"]
[Result "0-1"]
[WhiteElo "1000"]
[BlackElo "1010"]
[PlyCount "38"]
[EventDate "2011.09.06"]
[EventType "swiss"]
[EventRounds "7"]
[EventCountry "GRE"]
[SourceTitle "EXT 2024"]
[Source "ChessBase"]
[SourceDate "2023.10.10"]
[SourceVersion "1"]
[SourceVersionDate "2023.10.10"]
[SourceQuality "1"]

1. e4 d5 2. e5 Nc6 3. Bb5 Bd7 4. Qe2 a6 5. Nc3 axb5 6. Nxb5 Nxe5 7. Qxe5 Bxb5 8. Nf3 Nf6 9. Rg1 e6 10. Qc3 Bd6 11. d3 Qe7 12. Bg5 Bb4 13. Bxf6 Bxc3+ 14. bxc3 Qxf6 15. Rb1 Qxc3+ 16. Kd1 Ba4 17. Rxb7 Qxc2+ 18. Ke1 0-0 19. Rb4 Qd1# 0-1